00596nam a2200169Ia 4500008004100000020001800041041000800059082001700067100002900084245008500113250000600198260003300204300001000237650003400247999001900281952012600300210716s2008 xx 000 0 und d a9788174666419 aeng a332.175 SINS aSingh, S; Singh, Yogesh. aRisk management in banks: concepts and applications.bConcepts and applications. a1 aNew DelhibExcel Booksc2008 ax,226 aRisk Management & Derivatives c206222d206222 001040708MBAaAIMITbAIMITd2011-02-10g225.00l0o332.175 SINSpMBA08788r2026-05-23 00:00:00v168.75w2021-07-16yBK